Cerritos, club residencial : Escala 1 : 50 : 1987 /

Hotel-condominio proyectado por el arquitecto Julio de la Peña en la playa Cerritos de Mazatlán, Sinaloa. Contenido: 3') Torre planta baja, zona servicios y recepción; 3a') Torre planta alta, cocina y administración; 3b') Torre planta N38, zona servicios.

Tallennettuna:
Bibliografiset tiedot
Päätekijä: Peña, Julio de la (arquitecto)
Aineistotyyppi: Kuva
Aiheet:
Linkit:Ver documento en línea
Tagit: Lisää tagi
Ei tageja, Lisää ensimmäinen tagi!

MARC

LEADER 00000nkm^a2200000^a^4500
001 000194714
005 20251023000000.0
009 20260310102725.658
037 |a Acervo ITESO - Biblioteca 
041 |a GRA 
082 |a 720. 97206  |b PEÑ HOT CER V. 13 
100 |a Peña, Julio de la  |e (arquitecto) 
240 1 1 |a [Arquitectura del ocio de Julio de la Peña] 
240 1 1 |a [Hoteles de Julio de la Peña] 
240 1 1 |a [Cerritos Condominio] 
240 1 1 |a [Cerritos Condominio: plantas] 
245 1 0 |a Cerritos, club residencial :  |b Escala 1 : 50 : 1987 /  |c Arquitecto J. de la Peña. 
255 |a Escala 1 : 50 
264 0 |a Guadalajara, México :  |b dibujo inédito,  |c 1987 
300 |a 2 láminas en papel albanene (3 fotocopias en papel revolución) 
300 |a 4 dibujos arquitectónicos :  |b dibujo a tinta negra ;  |c 61.0 x 91.0 cm. 
336 |a imagen fija bidimensional :  |b sti  |2 rdacontenido 
337 |a sin mediación  |b n  |2 rdamedio 
338 |a plano arquitectónico  |b nz  |2 rdasoporte 
520 |a Hotel-condominio proyectado por el arquitecto Julio de la Peña en la playa Cerritos de Mazatlán, Sinaloa. Contenido: 3') Torre planta baja, zona servicios y recepción; 3a') Torre planta alta, cocina y administración; 3b') Torre planta N38, zona servicios. 
562 |a Libro o recurso maltratado 
649 |a XX 
650 |a Arquitectos Jaliscienses 
650 |a Arquitectos Mexicanos 
650 |a Artistas Jaliscienses 
650 |a Artistas Mexicanos 
650 |a Hoteles -  |z Mazatlán, Sinaloa -  |x Tema Principal 
650 |a Hoteles -  |z México 
650 |a Planos Arquitectónicos -  |x Tema Principal 
650 |a Planos Arquitectónicos -  |x Plantas 
650 |a Dibujo Arquitectónico 
650 |a Dibujo Técnico 
650 |a Representación Arquitectónica 
650 |a Diseño Arquitectónico 
650 |a Arquitectura del Ocio -  |z Mazatlán, Sinaloa 
650 |a Arquitectura del Ocio -  |z México 
650 |a Arquitectura Moderna -  |z Mazatlán, Sinaloa -  |x Tema Principal 
650 |a Arquitectura Moderna -  |z México 
650 |a Arquitectura Jalisciense -  |y 1980-1989 
650 |a Arquitectura Jalisciense -  |y Siglo XX 
650 |a Arquitectura Mexicana -  |y 1980-1989 
650 |a Arquitectura Mexicana -  |y Siglo XX 
650 |a Arte Moderno -  |z Mazatlán, Sinaloa 
650 |a Arte Moderno -  |z México 
650 |a Arte Jalisciense -  |y 1980-1989 
650 |a Arte Jalisciense -  |y Siglo XX 
650 |a Arte Mexicano -  |y 1980-1989 
650 |a Arte Mexicano -  |y Siglo XX 
600 |a Peña, Julio de la 
856 4 0 |u https://apps.biblio.iteso.mx/videre/ver.aspx?ns=000194714  |y Ver documento en línea 
910 |a Fondo Julio de la Peña Lomelín 
920 |a Gráficos - Planos Arquitectónicos 
940 |a Arquitectos Jaliscienses 
905 |a 501 
901 |a 0500146533  |b IT2  |c ARQ  |u 20250521 
901 |a 0500146530  |b IT2  |c ARQ  |u 20250521 
901 |a 0500146527  |b IT2  |c ARQ  |u 20250521 
901 |a 0500146524  |b IT2  |c ARQ  |u 20250521 
901 |a 0500146520  |b IT2  |c ARQ  |u 20250521 
902 |a https://opac.biblio.iteso.mx/vufind/Record/000194714